000 00422nam a2200181Ia 4500
001 9922
005 20260306161754.0
008 260306t2008||||xx |||||||||||||| ||spa||
041 _aESP
082 _a808.51
_bP98 2008
100 _aPurisaca Risco, Néstor
_eAUT
245 0 _aManual de oratoria
260 _c2008
300 _a370 páginas :
_c21 cm.
650 _aGEN
654 _aCHU
942 _cLIB
_dJUS
_fJUS
_2ddc
_n
999 _c9922
_d9922